En tiempos como estos
Gespeichert in:
| 1. Verfasser: | |
|---|---|
| Format: | Buch |
| Sprache: | Spanisch |
| Veröffentlicht: |
Valparaíso
Gobierno Regional de Valparaíso
2002
|
| Schriftenreihe: | Cuentos
|
| Schlagworte: | |
| Tags: |
Tag hinzufügen
Keine Tags, Fügen Sie den ersten Tag hinzu!
|
MARC
| LEADER | 00000nam a2200000 a 4500 | ||
|---|---|---|---|
| 001 | UCM7730 | ||
| 003 | CL-VaPUC | ||
| 008 | 030110e20020000CL |||||||||||||||||spa|d | ||
| 082 | 0 | 4 | |a Ch863 |b HEN |2 21 |
| 100 | 0 | |a Henrickson Villarroel, Carlos |e author |9 473360 | |
| 245 | 1 | 0 | |a En tiempos como estos |
| 300 | |a 80 p | ||
| 942 | |c BK | ||
| 945 | |d 20030110 00:00:00 |a cmena | ||
| 260 | |a Valparaíso |b Gobierno Regional de Valparaíso |c 2002 | ||
| 650 | 0 | |a Literatura chilena |9 308278 | |
| 650 | 0 | |a Cuentos chilenos |9 308280 | |
| 583 | |a last modification |c 20030110 00:00:00 |k Rodrigo Vera | ||
| 490 | 0 | |a Cuentos | |
| 999 | |c 302413 |d 302411 | ||
| 952 | |0 0 |1 0 |4 0 |6 CH_863_000000000000000_HEN_2002 |7 0 |8 A |9 362921 |a BIBEDU |b BIBEDU |d 2019-11-21 |i 3873196 |o Ch863 HEN 2002 |p 3873196 |r 2019-11-21 |w 2019-11-21 |y BK |k BME | ||
| 952 | |0 0 |1 0 |4 0 |6 CH_863_000000000000000_HEN_2002 |7 0 |8 A |9 362922 |a BIBEDU |b BIBEDU |d 2019-11-21 |i 3873072 |o Ch863 HEN 2002 |p 3873072 |r 2019-11-21 |w 2019-11-21 |y BK |k LIT | ||